00456nam a2200181 a 4500001001300000003000900013005001700022008004100039020001000080082001500090100002000105245003100125260004200156300000900198500003500207505001000242650002200252nice12345678IN_TiNIC20260116013018.0050524s1980 puna grp 000 0 eng  ac10000a269.2bBIL aBilquis, Sheikh aI Dared to Call Him Father aPunebWord of Life Publicationsc1980 a173p aincludes index and biblioraphy2 aIndex aEvangelistic Work